La filiación derivada de técnicas de reproducción asistida
Gespeichert in:
| 1. Verfasser: | |
|---|---|
| Format: | Buch |
| Sprache: | Spanisch |
| Veröffentlicht: |
Madrid
Fundación Beneficentia et Peritia Iuris
2002
|
| Schriftenreihe: | Monografías
|
| Schlagworte: | |
| Tags: |
Tag hinzufügen
Keine Tags, Fügen Sie den ersten Tag hinzu!
|
MARC
| LEADER | 00000nam a2200000 a 4500 | ||
|---|---|---|---|
| 001 | UCM8823 | ||
| 003 | CL-VaPUC | ||
| 008 | 030328e20020000SP |||||||||||||||||spa|d | ||
| 082 | 0 | 4 | |a 346.0175 |b PER |2 21 |
| 100 | 0 | |a Pérez Monge, Marina |e author |9 475038 | |
| 245 | 1 | 3 | |a La filiación derivada de técnicas de reproducción asistida |
| 300 | |a 418 p | ||
| 942 | |c BK | ||
| 945 | |d 20030328 00:00:00 |a cmena | ||
| 260 | |a Madrid |b Fundación Beneficentia et Peritia Iuris |c 2002 | ||
| 650 | 0 | |a Filiación |9 256647 | |
| 650 | 0 | |a Reproducción asistida |9 441978 | |
| 650 | 0 | |a Peternidad |9 254922 | |
| 650 | 0 | |a Derecho de familia |9 255603 | |
| 650 | 7 | |a MATRIMONIO |2 CL-VaPUC |9 475039 | |
| 650 | 0 | |a Derecho comparado |9 255664 | |
| 650 | 7 | |a FECUNDACION HUMANA |2 CL-VaPUC |9 309861 | |
| 583 | |a last modification |c 20180305 10:44:11 |k Rodrigo Vera | ||
| 490 | 0 | |a Monografías | |
| 999 | |c 303244 |d 303242 | ||
| 952 | |0 0 |1 0 |4 0 |6 346_017500000000000_PER_2002 |7 0 |8 A |9 364408 |a BIBDER |b BIBDER |d 2019-11-21 |i 3876721 |o 346.0175 PER 2002 |p 3876721 |r 2023-01-25 |w 2019-11-21 |y BK |k DER | ||
| 952 | |0 0 |1 0 |4 0 |6 346_017500000000000_PER_2002 |7 0 |8 DER_TF |9 364409 |a BIBDER |b BIBDER |d 2019-11-21 |i 3877086 |o 346.0175 PER 2002 |p 3877086 |r 2023-01-25 |w 2019-11-21 |x Ubicación 4to Piso |y BK |z Estos recursos deben solicitarse con anticipación |k DER | ||